MANAGERIAL ECONOMICS (Record no. 14253)
[ view plain ]
| 000 -LEADER | |
|---|---|
| fixed length control field | 00245nam a22001217a 4500 |
| 003 - CONTROL NUMBER IDENTIFIER | |
| control field | SGT |
| 082 ## - DEWEY DECIMAL CLASSIFICATION NUMBER | |
| Classification number | AGA |
| 100 ## - MAIN ENTRY--PERSONAL NAME | |
| Personal name | AGARWAL, VANITIA |
| 245 ## - TITLE STATEMENT | |
| Title | MANAGERIAL ECONOMICS |
| 260 ## - PUBLICATION, DISTRIBUTION, ETC. (IMPRINT) | |
| Place of publication, distribution, etc | PEARSON INDIA |
| Year of Publication | 2013 |
| 300 ## - PAGE DESCRIPTION | |
| No. of Pages | 542 |
| 942 ## - ADDED ENTRY ELEMENTS (KOHA) | |
| Source of classification or shelving scheme | Dewey Decimal Classification |
| Koha item type | Books |
| 942 ## - ADDED ENTRY ELEMENTS (KOHA) | |
| -- | 32 |
| Withdrawn status | Lost status | Source of classification or shelving scheme | Damaged status | Not for loan | Collection code | Home library | Current library | Shelving location | Date acquired | Vendor Name | Cost, normal purchase price | SGTU | Bill Number | Total Checkouts | Full call number | Accession No. (Barcode) | Date last seen | Date last borrowed | Bill Date | Koha item type | Total Renewals |
|---|---|---|---|---|---|---|---|---|---|---|---|---|---|---|---|---|---|---|---|---|---|
| Dewey Decimal Classification | COMMERCE MANAGEMENT | SGT Science & Social Sciences Library | SGT Science & Social Sciences Library | Text Book | 27/12/2017 | AHUJA BOOKS | 469.00 | SGTU | 9088 | 13 | AGA | CM3881 | 22/01/2025 | 02/01/2025 | Books | ||||||
| Dewey Decimal Classification | COMMERCE MANAGEMENT | SGT Science & Social Sciences Library | SGT Science & Social Sciences Library | Text Book | 27/12/2017 | AHUJA BOOKS | 469.00 | SGTU | 9088 | 9 | AGA | CM3882 | 21/01/2023 | 04/01/2023 | Books | ||||||
| Dewey Decimal Classification | COMMERCE MANAGEMENT | SGT Science & Social Sciences Library | SGT Science & Social Sciences Library | Text Book | 27/12/2017 | AHUJA BOOKS | 469.00 | SGTU | 9088 | 17 | AGA | CM3883 | 13/01/2024 | 04/01/2024 | Books | ||||||
| Dewey Decimal Classification | COMMERCE MANAGEMENT | SGT Science & Social Sciences Library | SGT Science & Social Sciences Library | Text Book | 27/12/2017 | AHUJA BOOKS | 469.00 | SGTU | 9088 | 8 | AGA | CM3884 | 22/01/2025 | 18/01/2025 | Books | ||||||
| Dewey Decimal Classification | COMMERCE MANAGEMENT | SGT Science & Social Sciences Library | SGT Science & Social Sciences Library | Text Book | 27/12/2017 | AHUJA BOOKS | 469.00 | SGTU | 9088 | 20 | AGA | CM3885 | 05/12/2024 | 20/11/2024 | Books | 2 |